Central Library OPAC University of Rajshahi

Voices of a summer day / (Record no. 76819)

MARC details
000 -LEADER
fixed length control field 00754nam a2200253 a 4500
001 - CONTROL NUMBER
control field 76819
003 - CONTROL NUMBER IDENTIFIER
rucl marc code BD-RjUL
005 - DATE AND TIME OF LATEST TRANSACTION
control field 20211209082907.0
008 - FIXED-LENGTH DATA ELEMENTS--GENERAL INFORMATION
fixed length control field 200122s1965 nyu 000 1 eng
035 ## - SYSTEM CONTROL NUMBER
System control number (BD-RjUL)77043
System control number (OCoLC)287559
040 ## - CATALOGING SOURCE
Original cataloging agency DLC
Transcribing agency ODaWU
Modifying agency OCoLC
-- DLC
-- BD-RjUL
Language of cataloging eng
041 ## - LANGUAGE CODE
Language code of text/sound track or separate title eng
082 ## - DEWEY DECIMAL CLASSIFICATION NUMBER
Edition number 23
Classification number 813
Author mark and year SHV 1965
100 1# - MAIN ENTRY--PERSONAL NAME
Personal name Shaw, Irwin,
Dates associated with a name 1913-1984.
9 (RLIN) 238077
245 10 - TITLE STATEMENT
Title Voices of a summer day /
Statement of responsibility, etc. Irwin Shaw
260 ## - PUBLICATION, DISTRIBUTION, ETC. (IMPRINT)
Place of publication, distribution, etc. New York :
Name of publisher, distributor, etc. Distributed by the Dial Press,
Date of publication, distribution, etc. 1965
300 ## - PHYSICAL DESCRIPTION
Pagination 223 p.;
Size 22 cm.
650 ## - SUBJECT ADDED ENTRY--TOPICAL TERM
Topical term or geographic name as entry element English fiction
9 (RLIN) 238078
Topical term or geographic name as entry element Fiction in English
Form subdivision American writers,
Chronological subdivision 1900-1945
9 (RLIN) 238079
942 ## - ADDED ENTRY ELEMENTS (KOHA)
Source of classification or shelving scheme Dewey Decimal Classification
Koha item type Books
Holdings
Lost status Source of classification or shelving scheme Damaged status Not for loan Collection code Permanent Location Current Location Shelving location Date acquired Source of acquisition Total Checkouts Full call number Date last seen Copy number Koha item type
  Dewey Decimal Classification   Not For Loan Fiction Central Library, University of Rajshahi Central Library, University of Rajshahi Reading Room 19/08/1965 Doubleday   813 SHV 1965 22/01/2020 C-1 Books